Top 200 Most Popular Anime on MyAnimeList - Statistics

General Stats
  • This quiz has been taken 234 times
  • The average score is 78 of 200
Answer Stats
Hint Answer % Correct
1 Attack On Titan
91%
12 Attack on Titan Season 2
91%
18 Attack on Titan Season 3
91%
23 Attack on Titan Season 3 Part 2
91%
40 Attack on Titan: The Final Season
91%
115 Attack on Titan: The Final Season Part 2
91%
8 Naruto
90%
15 Naruto: Shippuuden
90%
20 One Piece
90%
2 Death Note
83%
147 Dragon Ball
83%
76 Fullmetal Alchemist
79%
3 Fullmetal Alchemist: Brotherhood
79%
7 Demon Slayer: Kimetsu no Yaiba
77%
95 Demon Slayer: Kimetsu no Yaiba Entertainment District Arc
77%
77 Demon Slayer: Kimetsu no Yaiba - The Movie: Mugen Train
77%
6 My Hero Academia
77%
14 My Hero Academia 2nd Season
77%
26 My Hero Academia 3rd Season
77%
55 My Hero Academia 4th Season
77%
124 My Hero Academia 5th Season
77%
39 Bleach
76%
10 Hunter x Hunter (2011)
72%
17 Jujutsu Kaisen
72%
4 One Punch Man
72%
57 One Punch Man 2nd Season
72%
36 Haikyuu!!
69%
118 Haikyuu!! 3rd Season
69%
86 Haikyuu!! Second Season
69%
179 Haikyuu!! To the Top
69%
5 Sword Art Online
65%
145 Sword Art Online: Alicization
65%
35 Sword Art Online II
65%
9 Tokyo Ghoul
65%
46 Tokyo Ghoul √A
65%
122 Tokyo Ghoul:re
65%
191 Tokyo Ghoul:re 2nd Season
65%
21 Code Geass: Lelouch of the Rebellion
63%
47 Code Geass: Lelouch of the Rebellion R2
63%
25 Re:ZERO -Starting life in Another World-
60%
134 Re:ZERO -Starting Life in Another World- Season 2
60%
197 Re:ZERO -Starting Life in Another World- Season 2 Part 2
60%
62 Black Clover
56%
90 Chainsaw Man
56%
11 Your Name
55%
13 Steins;Gate
54%
193 Steins;Gate 0
54%
59 JoJo's Bizarre Adventure (Part 1 & 2)
53%
132 JoJo's Bizarre Adventure Part 3: Stardust Crusaders 2nd Season
53%
131 JoJo's Bizarre Adventure Part 4: Diamond is Unbreakable
53%
153 JoJo's Bizarre Adventure Part 5: Golden Wind
53%
45 Neon Genesis Evangelion
53%
176 Neon Genesis Evangelion: The End of Evangelion
53%
43 Cowboy Bebop
52%
50 Fairy Tail
50%
156 Fairy Tail (2014)
50%
44 Spirited Away
50%
81 Spy x Family
50%
24 Your Lie in April
50%
139 Gintama
49%
119 Black Butler
48%
189 Kaguya-sama: Love is War - Ultra Romantic
46%
53 Kaguya-sama: Love is War
46%
98 Kaguya-sama: Love is War Season 2
46%
34 Assassination Classroom
45%
85 Assassination Classroom 2nd Season
45%
32 Mob Psycho 100
45%
75 Mob Psycho 100 II
45%
22 Toradora!
45%
80 Vinland Saga
45%
142 K-On!
44%
31 The Seven Deadly Sins
44%
128 The Seven Deadly Sins: Revival of the Commandments
44%
19 a Silent Voice
43%
54 Dr. Stone
43%
151 Dr. Stone: Stone Wars
43%
99 Howl's Moving Castle
43%
113 Kuroko's Basketball
43%
162 Fate/stay night
42%
138 Fate/stay night: Unlimited Blade Works
42%
200 Fate/stay night: Unlimited Blade Works 2nd Season
42%
73 Fate/Zero
42%
130 Fate/Zero 2nd Season
42%
58 Food Wars! Shokugeki no Soma
42%
125 Food Wars! The Second Plate
42%
157 Food Wars! The Third Plate
42%
195 Boruto: Naruto Next Generations
41%
83 High School DxD
41%
178 High School DxD New
41%
198 Kuroko's Basketball 2
41%
89 That Time I Got Reincarnated as a Slime
41%
177 That Time I Got Reincarnated as a Slime Season 2
41%
28 Angel Beats!
40%
137 Monster
40%
29 Akame ga Kill!
39%
30 Erased
39%
143 My Neighbor Totoro
39%
41 Blue Exorcist
38%
111 Tokyo Revengers
38%
187 Yuri!!! on Ice
38%
100 Fire Force
37%
72 Highschool of the Dead
37%
51 Kill la Kill
37%
105 Princess Mononoke
37%
37 The Promised Neverland
37%
175 The Promised Neverland Season 2
37%
84 Clannad
36%
117 Clannad: After Story
36%
16 No Game No Life
36%
192 No Game No Life: Zero
36%
78 Kakegurui
35%
107 Mushoku Tensei: Jobless Reincarnation
35%
27 Noragami
35%
63 Soul Eater
35%
49 Violet Evergarden
35%
48 Death Parade
34%
42 Parasyte: the Maxim
34%
56 Another
32%
112 Classroom of the Elite
32%
38 KonoSuba: God's Blessing on This Wonderful World!
32%
74 KonoSuba: God's Blessing on This Wonderful World! 2
32%
154 Black Lagoon
30%
60 Darling in the FranXX
30%
110 Dragon Ball Z
30%
61 Psycho-Pass
30%
87 Durarara!!
29%
65 Gurren Lagann
29%
127 Ouran High School Host Club
29%
52 Rascal Does Not Dream of Bunny Girl Senpai
29%
88 Bakemonogatari
28%
94 Made in Abyss
28%
103 Maid Sama!
27%
67 Overlord
27%
152 Overlord II
27%
185 Overlord III
27%
158 Weathering with You
27%
97 Horimiya
26%
160 Rent-a-Girlfriend
25%
114 Dororo
24%
69 The Rising of the Shield Hero
24%
33 Future Diaries
23%
109 Guilty Crown
22%
155 My Dress-Up Darling
22%
168 The Quintessential Quintuplets
22%
66 Charlotte
21%
64 Anohana: The Flower We Saw That Day
20%
104 Deadman Wonderland
20%
82 My Teen Romantic Comedy SNAFU
20%
141 My Teen Romantic Comedy SNAFU TOO!
20%
92 Bungou Stray Dogs
19%
71 Elfen Lied
19%
120 Nisekoi: False Love
19%
182 Tower of God
19%
101 Madoka Magica
18%
133 Goblin Slayer
17%
135 The Disastrous Life of Saiki K.
17%
184 The God of High School
17%
165 Danganronpa: The Animation
16%
161 Darker than Black
16%
126 Devilman: Crybaby
16%
167 I Want To Eat Your Pancreas
16%
106 Samurai Champloo
16%
144 Magi: The Labyrinth of Magic
15%
108 Miss Kobayashi's Dragon Maid
15%
68 The Devil is a Part-Timer
15%
129 Log Horizon
14%
171 Black Bullet
13%
146 Golden Time
13%
91 Hyouka
13%
70 Is It Wrong to Try to Pick Up Girls in a Dungeon?
13%
164 5 Centimeters per Second
12%
181 Baccano!
12%
149 Date A Live
12%
172 Hellsing Ultimate
12%
199 Komi Can't Communicate
12%
186 Nichijou - My Ordinary Life
12%
150 Prison School
12%
173 Blue Spring Ride
11%
170 Kimi ni Todoke: From Me to You
11%
93 Love, Chunibyo & Other Delusions!
11%
148 ReLIFE
11%
96 Seraph of the End
11%
136 My Little Monster
10%
166 Plastic Memories
10%
123 Terror in Resonance
10%
174 The Melancholy of Haruhi Suzumiya
10%
194 Btooom!
9%
159 Wotakoi: Love is Hard for Otaku
9%
188 Blood Blockade Battlefront
8%
183 Saga of Tanya the Evil
8%
121 Beyond the Boundary
7%
196 The Garden of Words
7%
116 JoJo's Bizarre Adventure Part 3: Stardust Crusaders
6%
102 The Pet Girl of Sakurasou
6%
180 The Ancient Magus' Bride
5%
163 Chivalry of a Failed Knight
3%
190 Masamune-kun's Revenge
3%
169 Monthly Girls' Nozaki-kun
3%
79 Noragami Aragato
2%
140 The Irregular at Magic High School
2%
No matching quizzes found
Score Distribution
Percent of People with Each Score
Percentile by Number Answered
Your Score History
You have not taken this quiz